000 00243nam a2200097Ia 4500
082 _aEF GRAH
245 0 _aThe unfortunates
100 _a GRAHAM, Laurie London, 2003
_993529
942 _cBK
008 210817s9999 xx 000 0 und d
999 _c382109
_d382108